SOMA 2024: Proceedings of the 25th Symposium on Mediterranean Archaeology

محفوظ في:

مؤلفون آخرون: Pešić, Mladen (المحرر), Bratović, Luka (المحرر), Kurtov, Doris (المحرر)

التنسيق: كتاب

منشور في: Oxford Archaeopress Publishing Ltd 2025

الوسوم: إضافة وسم

لا توجد وسوم, كن أول من يضع وسما على هذه التسجيلة!

رقم الطلب:

LEADER 00759namaa2200193 4500
001 9781805832034
003 UkOxAP
005 20260405155019.0
020 |a 9781805832041 
776 1 |x 9781805832034 
245 0 0 |a SOMA 2024: Proceedings of the 25th Symposium on Mediterranean Archaeology 
100 1 |a Pešić, Mladen  |e Editor  |l English 
700 1 |a Bratović, Luka  |e Editor  |l English 
700 1 |a Kurtov, Doris  |e Editor  |l English 
856 4 2 |a http://library.arce.org:8087/Archaeopress/Products/9781805832041 
260 |a Oxford  |b Archaeopress Publishing Ltd  |c 2025 
270 |a Archaeopress Publishing Ltd, Summertown Pavillion, 18 -24 Middle Way, Summertown  |b Oxford  |d United Kingdom  |e OX2 7LG  |k 44-1865-311914  |m info@archaeopress.com 
942 |2 lcc  |c EBOOK 
999 |c 62159  |d 62159